Logo BPK

Biblioteka

Politechniki Koszalińskiej

The Essentials of United States History : (Rekord nr 47863)

Szczegóły MARC
000 -ETYKIETA REKORDU
podpole kontrolne o stałej długości 00605nam a2200193 i 4500
001 - NUMER KONTROLNY REKORDU
pole kontrolne bgj
020 ## - MIĘDZYNARODOWY ZNORMALIZOWANY NUMER KSIĄŻKI - ISBN
ISBN 0878917160
040 ## - ŹRÓDŁO KATALOGOWANIA
Instytucja, która utworzyła rekord BPK
041 0# - KOD JĘZYKA
Kod języka tekstu eng
920 ## - Międzynarodowy znormalizowany numer książki – ISBN
ISBN 087891-716-0
008 - POLE O STAŁEJ DŁUGOŚCI - DANE KONTROLNE
podpole kontrolne o stałej długości s uk f |000 0 eng
100 1# - NAZWA OSOBOWA
Nazwa osobowa TURNER, William
245 10 - TYTUŁ/ODPOWIEDZIALNOŚĆ
Tytuł The Essentials of United States History :
Ciąg dalszy tytułu World War I, the depression and the new deal 1912 to 1941 /
Pozostałe elementy strefy tytułu i oznaczenia odpowiedzialności William Turner.
250 ## - STREFA WYDANIA
Oznaczenie wydania [Rev. print.].
260 ## - STREFA ADRESU WYDAWNICZEGO
Miejsce wydania Piscataway, NJ :
Nazwa wydawcy/dystrybutora Research and Education Association,
Data publikacji, dystrybucji/powstania dokumentu 1992.
651 #9 - HASŁO PRZEDMIOTOWE W FORMIE NAZWY GEOGRAFICZNEJ
Nazwa geograficzna United States
Określnik ogólny History
Określnik chronologiczny 1912-1941
655 ## - TERMIN INDEKSOWY - OKREŚLENIE RODZAJU/FORMY DOKUMENTU
Określenie rodzaju/formy dokumentu Outlines, syllabi, etc.
856 ## - LOKALIZACJA I DOSTĘP DO ELEKTRONICZNYCH DOKUMENTÓW ZDALNYCH
Link (URL) http://koha.tu.koszalin.pl/cgi-bin/koha/opac-detail.pl?biblionumber=47863
Tekst linku Katalog online BPK
942 ## - DODATKOWE ELEMENTY (KOHA)
Typ dokumentu Książka
Egzemplarze
Wycofany Status egzemplarza Uszkodzony Dostępność Lokalizacja stała Lokalizacja bieżąca Miejsce przechowywania Sygnatura Kod kreskowy Typ dokumentu
      Tylko na miejscu Biblioteka Politechniki Koszalińskiej Biblioteka Politechniki Koszalińskiej Czytelnia Wydziałowa ul. Kwiatkowskiego 6e KA 4579 09019157 Książka
© 2023 Biblioteka Politechniki Koszalińskiej :: KOHA